|
|
|
|
| LEADER |
02849nam a2200445 a 4500 |
| 001 |
GR-Patra30558 |
| 008 |
110121s2010 gr g b 000 0 gre d |
| 020 |
|
|
|a 9789604751679
|
| 040 |
|
|
|a GrPaTEI
|b gre
|c GR-PaULI
|
| 040 |
|
|
|a GrPaTEI
|b gre
|c GR-PaULI
|
| 082 |
|
0 |
|a 333.7
|2 22
|
| 100 |
1 |
|
|a Amodeo, Mona
|
| 245 |
1 |
2 |
|a Η κατάσταση του κόσμου 2010 :
|b ο πολιτισμός μας σε μετάβαση: απο τον καταναλωτισμό στην αειφόρο ανάπτυξη /
|c Mona Amodeo ... [κ.ά.] ; Συντονιστής αμερικάνικης έκδοσης Eric Assadourian ; Επιμέλεια Linda Starke και Lisa Mastny.
|
| 260 |
|
|
|a Αθήνα :
|b Οργάνωση Γη,
|c c2010
|
| 300 |
|
|
|a 273σ.
|a εικ.
|a σχ.
|
| 504 |
|
|
|a Περιλαμβάνει βιβλιογραφικές αναφορές
|
| 650 |
|
0 |
|a CONSUMPTION
|
| 650 |
|
0 |
|a Sustainable development
|
| 650 |
|
4 |
|a ΚΑΤΑΝΑΛΩΤΙΣΜΟΣ
|
| 650 |
|
4 |
|a Οικονομική ανάπτυξη
|x Περιβαλλοντικές απόψεις
|
| 650 |
|
4 |
|a Περιβάλλον
|x Προστασία
|
| 650 |
|
4 |
|a Φυσικοί πόροι
|x Διαχείριση
|
| 700 |
1 |
|
|a Assadourian, Erik
|
| 700 |
1 |
|
|a Mastny, Lisa
|
| 700 |
1 |
|
|a Starke, Linda
|
| 700 |
1 |
|
|a Γαβριλάκη, Λιάνα
|
| 700 |
1 |
|
|a Εμμανουήλ, Αλέξης
|
| 700 |
1 |
|
|a Προμπονάς, Μιχάλης
|
| 700 |
1 |
|
|a Σακιώτης, Ιωάννης
|
| 710 |
0 |
|
|a Οργάνωση Γή
|
| 710 |
2 |
|
|a Ινστιτούτο Worldwatch
|
| 942 |
|
|
|2 ddc
|
| 952 |
|
|
|0 0
|1 0
|2 ddc
|4 0
|6 333_700000000000000_AMO
|7 0
|9 312222
|a LISK
|b LISK
|c BSC
|d 2021-01-17
|e 24
|f 0
|g 0.00
|l 0
|o 333.7 AMO
|p 92410048885
|r 2021-01-17 00:00:00
|t 1
|w 2021-01-17
|y BK15
|x 20110121 0 1
|x GrPaTEI
|
| 952 |
|
|
|0 0
|1 0
|2 ddc
|4 0
|6 333_700000000000000_AMO
|7 0
|9 312225
|a LISK
|b LISK
|c BSC
|d 2021-01-17
|e 24
|f 0
|g 0.00
|l 0
|o 333.7 AMO
|p 92410048888
|r 2021-01-17 00:00:00
|t 1
|w 2021-01-17
|y BK15
|x 20110121 0 1
|x GrPaTEI
|
| 952 |
|
|
|0 0
|1 0
|2 ddc
|4 0
|6 333_700000000000000_AMO
|7 0
|9 312226
|a LISK
|b LISK
|c BSC
|d 2021-01-17
|e 24
|f 0
|g 0.00
|l 0
|o 333.7 AMO
|p 92410048889
|r 2021-01-17 00:00:00
|t 1
|w 2021-01-17
|y BK15
|x 20110121 0 1
|x GrPaTEI
|
| 952 |
|
|
|0 0
|1 0
|2 ddc
|4 0
|6 333_700000000000000_AMO
|7 0
|9 312228
|a LISK
|b LISK
|c BSC
|d 2021-01-17
|e 24
|f 2
|g 0.00
|l 0
|o 333.7 AMO
|p 99241000064587
|r 2021-01-17 00:00:00
|t 1
|w 2021-01-17
|y BK15
|x Purchase/Donation Number
|x General Note
|x GrPaTEI
|
| 952 |
|
|
|0 0
|1 0
|2 ddc
|4 0
|6 333_700000000000000_AMO
|7 1
|9 312229
|a LISK
|b LISK
|c BSC
|d 2021-01-17
|e 24
|f 0
|g 0.00
|l 0
|o 333.7 AMO
|p 92410048891
|r 2021-01-17 00:00:00
|t 1
|w 2021-01-17
|y BKN
|x 20110121 0 0
|x GrPaTEI
|
| 952 |
|
|
|0 0
|1 0
|2 ddc
|4 0
|6 333_700000000000000_AMO
|7 1
|9 312230
|a LISK
|b LISK
|c BSC
|d 2021-01-17
|e 24
|f 0
|g 0.00
|l 0
|o 333.7 AMO
|p 92410048892
|r 2021-01-17 00:00:00
|t 1
|w 2021-01-17
|y BKN
|x 20110121 0 0
|x GrPaTEI
|
| 971 |
|
|
|a .b2678130x
|b 16-04-20
|c 26-09-16
|
| 999 |
|
|
|c 179117
|d 179117
|